000 00481cam a2200181ua 4500
001 11476
008 190921n ii |||gr||||Z||||||asm
040 _cMAIN
082 _a418.02
100 _aMadan Sarma . ,
_eAuthor.
245 _aAnuvad adhyayan :
_btatva aru prayog /
_cBy Madan Sarma .
250 _a1st ed.
260 _aGuwahati:
_bbandhab,
_c2017.
300 _a152p.
653 _aStandard usage & applied linguistics
653 _aTranslation studies
942 _cBK
999 _c10309
_d10309